| 000 | 01013nam a2200241Ia 4500 | ||
|---|---|---|---|
| 001 | 18165 | ||
| 003 | GE_BSU | ||
| 008 | 181216s||||||||xx |||||||||||||| ||und|| | ||
| 020 | _aISSN 1987-5266 | ||
| 040 | _cGE_BSU | ||
| 080 | _a811.353.1'282 | ||
| 245 | _aაჭარული დიალექტის დარგობრივი ლექსიკა. კრ. 10. | ||
| 245 | _cრედ. მ.ქამადაძე | ||
| 250 | _aსაქ.განათლებისა და მეცნ. სამინისტრო ნიკო ბერძენიშვილის ინ-ტი | ||
| 260 | _aბათუმი | ||
| 260 | _bშოთა რუსთაველის სახელმწ. უნ-ტის გამ-ბა | ||
| 260 | _c2008 | ||
| 300 | _a147გვ.21სმ. | ||
| 541 | _h5ლ. | ||
| 653 | _aაჭარული დიალექტის დარგობრივი ლექსიკა | ||
| 653 | _aქართული ენა | ||
| 942 | _cBK | ||
| 999 |
_c51206 _d51206 |
||